One Piece/Naruto- À quel personnage est il équivalent ? - Statistiques

Statistiques générales
  • Ce quiz a été pris 166 fois
  • Le résultat moyen est 6 sur 14
Statistiques - réponses
Hint Réponse % Correct
Gaara (Naruto) Crocodile (One Piece)
89%
Arlong (One Piece) Kisame (Naruto)
54%
Itachi Uchiwa (Naruto) Portgas D Ace (One Piece)
54%
Sai (Naruto) Kanjuro Kurozomi (One Piece)
51%
Sasori (Naruto) Don Quichotte Doflamingo (One Piece)
50%
Gecko Moria (One Piece) Shikamaru Nara (Naruto)
48%
Minato Namikaze ( Naruto) Borsalino Kizaru (One Piece)
40%
Ener (One Piece) Kakashi Atake (Naruto)
38%
Aramaki Ryokugyu (One Piece) Yamato (Naruto)
38%
Orochimaru (Naruto) Boa Hancock ( One Piece)
36%
Smoker (One Piece) Zabuza Momochi (Naruto)
18%
Basil Hawkins (One Piece) Hidan (Naruto)
14%
Prince Gles (One Piece) Deidara (Naruto)
12%
Mû (Naruto) Shiliew/ Absalom (One Piece)
10%
Aucun quiz correspondant
Distribution des résultats
% des personnes avec chaque résultat
Percentile par nombre de réponses
Votre historique - résultats
Vous n’avez pas pris ce quiz